[Event "FAI-ch 2019"]
[Site "Torshavn"]
[Date "2019.04.13"]
[Round "1.1"]
[White "Samuelsen, Carl Eli Nolsoe"]
[Black "Ziska, Helgi Dam"]
[Result "1/2-1/2"]
[WhiteElo "2196"]
[BlackElo "2540"]
[Annotator "TA"]
[PlyCount "49"]
[EventDate "2019.04.12"]
[EventType "tourn"]
[EventRounds "7"]
[EventCountry "FAI"]
[SourceTitle "playchess.com"]
[Source "ChessBase"]
[SourceQuality "1"]

{[%evp 14,49,71,72,70,67,69,76,70,51,48,3,20,8,33,30,46,35,43,46,47,41,63,46,69,44,53,40,49,48,102,62,57,0,89,64,76,62]} 1. d4 Nf6 2. c4 g6 3. Nc3 Bg7 4. e4 d6 5. Be2 O-O 6. Be3 e5 7. d5 a5 8. g4 Na6 {E73: King's Indian: Averbakh Variation without 6...c5} 9. g5 (9. h4 Nc5 10. f3 h5 11. g5 Nh7 12. Kd2 Bd7 13. Nh3 c6 14. Nf2 cxd5 15. exd5 f5 16. gxf6 Nxf6 17. Bxc5 dxc5 {0-1 (37) Vallejo Pons,F (2705)-Radjabov,T (2741) Palma de Mallorca 2017}) 9... Nd7 10. h4 $1 Ndc5 11. h5 c6 12. hxg6 fxg6 13. f3 {[#]} Rf7 $146 ({Predecessor:} 13... cxd5 14. cxd5 Bd7 15. Nh3 Rb8 16. Nf2 {0-1 (53) Flear,G (2430)-Hawkins,J (2590) Reading 2017}) 14. Nh3 Bf8 15. Nf2 Bd7 16. Qd2 a4 17. Kf1 Qa5 18. Kg2 Nc7 19. Rh4 Be7 20. Rh6 Raf8 21. Rah1 Ne8 (21... Rg7 $14) 22. Qe1 Qd8 23. Qd2 (23. Qc1 $1 $14) 23... Nc7 (23... Qa5 $1 $11) 24. R1h4 Ne8 25. Qc1 {Accuracy: White = 56%, Black = 50%.} 1/2-1/2

[Event "FAI-ch 2019"]
[Site "Torshavn"]
[Date "2019.04.13"]
[Round "1.2"]
[White "Miezis, Normunds"]
[Black "Simonsen, Hans Kristian"]
[Result "1-0"]
[WhiteElo "2468"]
[BlackElo "2147"]
[Annotator "TA"]
[PlyCount "55"]
[EventDate "2019.04.12"]
[EventType "tourn"]
[EventRounds "7"]
[EventCountry "FAI"]
[SourceTitle "playchess.com"]
[Source "ChessBase"]
[SourceQuality "1"]

{[%evp 18,55,15,3,7,20,25,16,23,14,33,10,34,27,32,26,68,66,56,66,72,79,245,236,221,228,473,104,137,119,412,399,418,270,669,443,747,349,29991,29992]} 1. c4 e6 2. e4 d5 3. exd5 exd5 4. d4 Nf6 5. Nc3 Be7 6. Nf3 O-O 7. cxd5 Nxd5 8. Bc4 Nxc3 9. bxc3 c5 10. O-O cxd4 {C01: French: Exchange Variation} 11. cxd4 Bg4 12. Bb2 $146 ({Predecessor:} 12. Rb1 Nc6 13. d5 Ne5 14. Be2 Bxf3 15. Bxf3 b6 16. Be4 Rc8 17. Bxh7+ Kxh7 18. Qh5+ {0-1 (48) Hansen,L (2365)-Danielsen,H (2400) Denmark 1988}) 12... Nd7 {The position is equal.} 13. h3 Bh5 14. Re1 Rc8 15. Bb3 $36 {[%mdl 2048] White has good play.} Bb4 16. Re3 Qa5 17. Rc1 Rxc1 18. Qxc1 Bd6 19. Ne5 Nxe5 $2 (19... Bxe5 $16 {was necessary.} 20. dxe5 Nc5) 20. dxe5 $18 Bc5 21. Rg3 {Black must now prevent e6.} Bg6 $2 (21... Be7 22. e6 f6) 22. h4 $2 (22. e6 $18) 22... Rc8 {aiming for ...Bxf2+!} 23. Rc3 Bf5 $2 {[%mdl 8192] [#]} (23... Kh8 $16) 24. e6 $1 {[%cal Re6f7][%mdl 512]} Bxe6 25. Qg5 {Threatening mate with Rxc5!} g6 $2 (25... Bxf2+ 26. Kxf2 Qxg5 27. Rxc8+ (27. hxg5 Rxc3 28. Bxc3 Bxb3 $18) 27... Bxc8 28. hxg5 Be6) 26. Qf6 {Intending Rxc5! and mate.} Bxf2+ (26... Qd8 $142 27. Qe5 Qd6 28. Rxc5 Qxe5 29. Rxe5 Rc6) 27. Kxf2 (27. Kh2 $142 {White threatens Rxc8+ and mate.} Rxc3 28. Bxc3 Qxc3 29. Qxc3 Bxb3 30. axb3) 27... Qb6+ $2 (27... Rxc3 $18 28. Bxc3 Qf5+ 29. Qxf5 Bxf5) 28. Re3 {Accuracy: White = 58%, Black = 16%.} 1-0

[Event "FAI-ch 2019"]
[Site "Torshavn"]
[Date "2019.04.13"]
[Round "1.3"]
[White "Hoi, Carsten"]
[Black "Thorsteinsson, Sjurdur"]
[Result "1-0"]
[WhiteElo "2354"]
[BlackElo "2228"]
[Annotator "TA"]
[PlyCount "107"]
[EventDate "2019.04.12"]
[EventType "tourn"]
[EventRounds "7"]
[EventCountry "FAI"]
[SourceTitle "playchess.com"]
[Source "ChessBase"]
[SourceQuality "1"]

{[%evp 15,107,0,30,16,18,24,23,24,26,30,29,29,73,78,123,114,111,109,182,170,194,177,197,165,202,139,139,47,41,40,40,47,44,22,19,19,27,13,14,19,15,13,13,13,28,28,28,28,29,29,29,0,29,29,29,28,29,29,29,29,32,2,81,81,112,64,97,50,85,57,64,70,58,16,31,8,17,17,975,869,29980,29981,29987,29984,29984,29984,29985,29986,29986,29987,29987,29988,29988,29989]} 1. d4 Nf6 2. c4 g6 3. Nc3 Bg7 4. e4 d6 5. Nf3 O-O 6. h3 e5 7. d5 Nh5 8. Nh2 Na6 9. g3 {E90: King's Indian: Classical: Early deviations and 6 h3} Nc5 10. Be3 a5 11. h4 {White has an edge.} Bd7 (11... Qe7 12. Be2 Nf6 13. Bf3 Nfd7 14. g4 f5 15. g5 Nxe4 16. Bxe4 fxe4 17. Nxe4 {1-0 (44) Aronian,L (2784)-Fressinet,L (2702) Berlin 2015}) 12. Be2 Nf6 13. Qc2 Ne8 $146 ({Predecessor:} 13... c6 14. Bxc5 dxc5 15. O-O cxd5 16. cxd5 Ne8 {1-0 (53) Zakhartsov,V (2529)-Schebler,G (2496) Pardubice 2007}) 14. h5 f5 15. hxg6 hxg6 16. Nf3 b6 (16... Nxe4 $16 17. Nxe4 fxe4 18. Qxe4 Bf5) 17. O-O-O $18 Qf6 18. Ng5 Qe7 19. exf5 Bxf5 20. Nge4 Nf6 {[%cal Rf6e4] [#]} 21. Bd3 ({Better is} 21. f3 $1 $16) 21... Nxd3+ $14 22. Qxd3 Nxe4 23. Nxe4 Kf7 {[#]} 24. g4 $1 {[%mdl 512]} Bxe4 (24... Bxg4 25. Ng5+) 25. Qxe4 Rh8 26. Kc2 Rxh1 27. Rxh1 Rh8 28. Kd3 Rxh1 29. Qxh1 Qd7 30. Qf3+ Kg8 31. b3 Qe7 32. Qe4 Kf7 33. Qf3+ Kg8 34. Qh1 Bf6 35. Qh6 Qf7 36. Ke4 Bg7 37. Qh4 Bf6 38. g5 Bg7 (38... Qd7 $11 {keeps the balance.} 39. Kf3 Qf5+ 40. Kg3 Bg7) 39. Qh3 Bf8 40. Qe6 Be7 41. a3 Kf8 42. Qc8+ Kg7 43. f4 Bf8 $1 44. Qe6 exf4 45. Bd4+ Kg8 $1 46. Bf6 $36 {[%mdl 2048] And now Kf3 would win. White has some pressure.} Bg7 $2 {[%mdl 8192]} (46... Qxe6+ $11 47. dxe6 d5+ 48. cxd5 (48. Kxf4 Bd6+ 49. Be5 a4 $15) 48... Bxa3) 47. Kxf4 $18 Bxf6 48. gxf6 {[%mdl 4096] Endgame KQ-KQ. White mates.} ({Less strong is} 48. Qxf6 Kf8 $11) 48... Kf8 49. Qc8+ Qe8 {[#]} 50. Qxe8+ $1 Kxe8 51. Kg5 a4 52. bxa4 Kf7 53. a5 $1 bxa5 54. a4 {Accuracy: White = 68%, Black = 51%.} 1-0

[Event "FAI-ch 2019"]
[Site "Torshavn"]
[Date "2019.04.13"]
[Round "1.4"]
[White "Berg, Olaf"]
[Black "Dragicevic, Drazen"]
[Result "1-0"]
[WhiteElo "2212"]
[BlackElo "2334"]
[Annotator "TA"]
[PlyCount "71"]
[EventDate "2019.04.12"]
[EventType "tourn"]
[EventRounds "7"]
[EventCountry "FAI"]
[SourceTitle "playchess.com"]
[Source "ChessBase"]
[SourceQuality "1"]

{[%evp 16,71,31,11,40,21,11,18,20,16,6,7,20,28,29,29,29,29,31,4,26,30,23,17,13,22,135,125,174,168,308,308,614,522,317,746,1772,305,1668,763,1064,745,763,736,2419,2250,29959,29961,29959,29961,6639,6513,5265,5161,29985,687,29986,29986]} 1. e4 c5 2. Nf3 Nc6 3. Bb5 g6 4. Bxc6 dxc6 5. O-O Bg7 6. d3 Nf6 7. Nc3 Nd7 {B31: Sicilian: 2...Nc6 3 Bb5 g6} 8. Be3 e5 (8... b6 9. a4 a5 10. Qd2 h6 11. h3 e5 12. Nh2 Nf8 13. f4 exf4 14. Rxf4 Ne6 15. Rf2 {1-0 (52) Liang,A (2572)-Cordova,E (2609) Saint Louis 2018}) 9. Qd2 {LiveBook: 4 Games} Qe7 {The position is equal.} 10. a4 $146 ({Predecessor:} 10. Bh6 O-O 11. Ne1 Rd8 12. Bxg7 Kxg7 13. f4 c4 14. f5 f6 15. Qf2 cxd3 16. Nxd3 {½-½ (35) Tatai,S (2334)-Bagaturov,G (2474) Bratto 2007}) 10... Nf8 11. a5 Ne6 12. Na4 Nd4 13. Nxd4 cxd4 14. Bh6 O-O 15. Bxg7 Kxg7 16. f4 Rb8 17. b4 b6 18. axb6 axb6 19. c4 exf4 20. Qxf4 Bd7 (20... Rb7 $11) 21. c5 $16 bxc5 22. Nxc5 {Hoping for Ra7.} Rxb4 {[#]} (22... Be6 {might work better.}) 23. Ra7 $1 $18 Rd8 $2 (23... Qxc5 24. Rxd7 Rb5) 24. Qc7 ({Not} 24. Rxd7 Rxd7 25. Nxd7 Qxd7 $11) 24... Qxc5 25. Qxd8 Qxa7 26. Qe7 $2 (26. Qf6+ Kh6 27. Qf4+ Kh5 28. Qxf7) 26... Kh6 $2 (26... Qa2 27. Qxb4 Be6 28. Qxd4+ Kh6 29. Qe3+ Kg7) 27. Qf8+ (27. Qh4+ $142 Kg7 28. Qf6+ Kh6 29. Qf4+ Kh5 30. Qxf7) 27... Kh5 28. Qxb4 {[%mdl 4096] Endgame KQR-KQB} Be6 29. h3 c5 30. Qd2 {Intending g4+ and mate.} Qc7 31. g4+ Kh4 32. Rf3 {[%cal Rd2h6]} h5 33. g5 Bxh3 34. Rf4+ Bg4 35. Qh2+ Kxg5 {[#]} 36. Rxg4+ $1 {[%mdl 512] Precision: White = 84%, Black = 37%.} 1-0

[Event "FAI-ch 2019"]
[Site "Torshavn"]
[Date "2019.04.14"]
[Round "2.1"]
[White "Ziska, Helgi Dam"]
[Black "Dragicevic, Drazen"]
[Result "1-0"]
[WhiteElo "2540"]
[BlackElo "2334"]
[Annotator "TA"]
[PlyCount "113"]
[EventDate "2019.04.12"]
[EventType "tourn"]
[EventRounds "7"]
[EventCountry "FAI"]
[SourceTitle "playchess.com"]
[Source "ChessBase"]
[SourceQuality "1"]

{[%evp 24,113,28,38,42,24,33,34,41,50,61,65,61,15,13,27,37,51,43,45,107,108,108,96,93,111,192,180,216,206,210,0,0,0,0,0,0,0,0,0,0,-49,-26,-26,-29,-160,-152,-161,-164,-145,-8,-8,-8,-13,-13,-20,18,18,17,22,15,23,24,20,22,7,12,12,26,8,8,8,938,699,29962,29964,29965,29966,29965,29967,29967,29968,29968,29969,29973,29974,29973,29972,29972,29973,29973,29971]} 1. e4 c5 2. Nf3 d6 3. Bb5+ Bd7 4. Bxd7+ Qxd7 5. c4 Nc6 6. d4 cxd4 7. Nxd4 g6 8. Nc3 Bg7 9. Be3 Nf6 10. f3 O-O 11. O-O e6 12. Qd2 Ne5 13. b3 {LiveBook: 4 Games} d5 {B52: Sicilian: Moscow Variation with 3...Bd7} 14. f4 Neg4 15. e5 Nxe3 {White is slightly better.} 16. Qxe3 Ng4 17. Qe2 dxc4 {[#]} 18. Rfd1 $146 {[%cal Bf1d1,Bd1d6,Bd6d7][%mdl 32]} ({Predecessor:} 18. Rad1 Nh6 19. Ne4 Qe7 20. Qxc4 Rac8 21. Qe2 {½-½ (57) Bokar,J (2561)-Acevedo Villalba,A (2558) ICCF email 2006}) 18... Nh6 19. bxc4 Qc7 20. Ne4 Rfd8 21. Nb5 $36 {[%mdl 2048] White is more active.} Qb6+ (21... Qc6 $14) 22. c5 $16 Qa6 23. Rd6 Qa5 24. Rb1 Rdc8 (24... Nf5 $16) 25. Rd7 {Strongly threatening Nbd6.} b6 26. Nbd6 Qa4 27. cxb6 $2 ({Don't take} 27. Nxc8 $6 Qxd7 28. Ncd6 bxc5 $16) (27. Qb5 $18 Qxb5 28. Rxb5) 27... axb6 $11 28. Nxc8 Qxd7 29. Ncd6 Qa4 30. Rc1 Qd4+ 31. Kh1 Nf5 32. Qf3 {White wants to mate with Nf6+!} Qd5 33. Rd1 Qxa2 34. Ng5 (34. Nc3 $11 {keeps the balance.} Qa7 35. Ncb5) 34... Nxd6 $17 35. exd6 {[#] With the idea Qb7.} h6 $1 {[%cal Rh6g5]} 36. Ne4 f5 (36... Rd8 $17 37. Qd3 f5) 37. Nc3 $11 Qa3 38. d7 Rd8 39. Nb5 $1 Qxf3 40. gxf3 {[%mdl 4096] Endgame KRB-KRN} Bf6 $1 41. Na7 Ra8 $1 {[%cal Ra8a7]} 42. Nc6 Bd8 $1 43. Rg1 ({Worse is} 43. Nxd8 Rxd8 44. Kg2 Kf7 $17) 43... Kg7 44. Ne5 g5 45. h4 Kf6 46. hxg5+ hxg5 47. Nc6 {[#]} gxf4 $2 {[%mdl 8192]} (47... g4 $1 $11 {[%mdl 512]}) 48. Rg8 $18 Kf7 49. Rxd8 {White mates.} Rxd8 50. Nxd8+ Ke7 {[#]} 51. Nxe6 $1 {[%mdl 512]} Kxd7 (51... Kxe6 52. d8=Q) 52. Nxf4 {KN-KPP} Kd6 53. Kg2 Ke5 54. Ne2 b5 55. Nc3 b4 56. Na2 b3 57. Nc1 {Precision: White = 62%, Black = 43%.} 1-0

[Event "FAI-ch 2019"]
[Site "Torshavn"]
[Date "2019.04.14"]
[Round "2.2"]
[White "Thorsteinsson, Sjurdur"]
[Black "Berg, Olaf"]
[Result "0-1"]
[WhiteElo "2228"]
[BlackElo "2212"]
[Annotator "TA"]
[PlyCount "136"]
[EventDate "2019.04.12"]
[EventType "tourn"]
[EventRounds "7"]
[EventCountry "FAI"]
[SourceTitle "playchess.com"]
[Source "ChessBase"]
[SourceQuality "1"]

{[%evp 16,136,46,22,36,18,19,4,18,4,19,23,27,0,0,0,0,0,31,41,60,0,27,12,34,-11,0,-19,0,0,0,-47,-38,-151,-17,-23,-31,-28,0,0,0,-79,-75,-81,0,-181,-191,-311,-319,-491,-466,-554,-541,-544,-529,-532,-515,-490,-477,-529,-486,-493,-416,-910,-901,-857,-434,-433,-368,-1032,-474,-1157,-1146,-1076,-1066,-1000,-981,-667,-409,-409,-409,-409,-409,-409,-409,-409,-409,-409,-409,-409,-409,-409,-409,-409,-409,-409,-409,-403,-403,-402,-402,-804,-699,-29963,-29965,-29966,-29967,-29969,-402,-29982,-29982,-29983,-29984,-29985,-29986,-29986,-29986,-29993,-29994,-29994,-29994,-29997,-29998]} 1. e4 c5 2. Nf3 Nc6 3. d4 cxd4 4. Nxd4 Qb6 5. Nb3 Nf6 6. Nc3 d6 7. Be2 e6 8. Be3 Qc7 9. f4 Be7 {B33: Sicilian: Pelikan and Sveshnikov Variations} 10. O-O a6 11. Bf3 Rb8 {The position is equal.} 12. a4 b6 13. Qe2 Nb4 $146 14. a5 bxa5 15. Nxa5 O-O 16. Rfc1 d5 17. e5 Nd7 18. Nb3 ({Better is} 18. Nd1 $1 $14) 18... f6 19. exf6 Bxf6 20. Nd4 Nb6 21. Bf2 Re8 22. g3 Bd7 23. Qf1 Nc4 24. Nd1 (24. Qe2 $15) 24... Nc6 (24... e5 $17 25. fxe5 Bg5) 25. Qd3 $1 $11 Kh8 26. b3 Nd6 27. Nxc6 Bxc6 28. Bd4 (28. Rxa6 $11 Bb5 {[%mdl 64] Double Attack} 29. Ra7 Qxa7 30. Bxa7 Bxd3 31. Bxb8 Rxb8 32. cxd3) 28... Bb5 $36 {[%mdl 2048] Black is in control.} 29. Qd2 Nc4 (29... Bxd4+ $17 30. Qxd4 Nf5) 30. bxc4 $2 (30. Qf2 $11 {and White is okay.} Bxd4 31. Qxd4) 30... Qxc4 $19 {[%csl Gb5][%cal Rc4f1]} 31. Ne3 (31. Nf2 {was the only defense.} Bxd4 32. c3) 31... Qxd4 32. Qe1 (32. Qf2 $142) 32... e5 33. f5 {and the idea Rd1 leaves White hopeful.} Bg5 34. Ra3 e4 35. Bh5 {[#]} g6 $1 {[%mdl 512]} 36. fxg6 Rf8 37. Kg2 hxg6 38. Rd1 Qg7 {And now ...d4 would win.} 39. Bg4 (39. Rxd5 $142 gxh5 40. Qc3 Qxc3 41. Rxc3 Bxe3 42. Rxh5+ Kg7 43. Rxe3) 39... d4 40. Nd5 Bc6 41. Qxe4 {[#]} Be3 $1 {[%mdl 512]} 42. Bf3 $2 {[#]} (42. Rxe3 Bxd5 43. Qxd5 dxe3 44. Qe6) (42. Nxe3 Bxe4+) 42... Rbe8 (42... Rxf3 $142 $1 {[%mdl 512]} 43. Qxf3 Rf8) 43. Qg4 {[#]} (43. Qh4+ $142 Kg8 44. Rxe3 Rxe3 45. Be4) 43... Rxf3 $1 {[%mdl 512]} 44. Qxf3 (44. Kxf3 Qf7+) 44... Rf8 45. Qe4 Rf2+ 46. Kg1 Rf4+ 47. Qxe3 dxe3 48. Nxf4 {[#]} e2 $1 {[%mdl 512]} 49. Nxe2 Qe7 $1 {[%csl LRa3,LRe2][%mdl 64] Double Attack} 50. Rxa6 Qxe2 {[%csl Gc6][%cal Re2g2][%mdl 64] Double Attack} 51. Rd8+ Kg7 {[%csl Gc6][%cal Re2g2]} 52. Rxc6 {[%mdl 4096] Endgame Hoping for Rc7+. KQ-KRR} Qe1+ 53. Kg2 Qe4+ {[%mdl 64] Double Attack} 54. Kg1 {Threatens to win with Rc7+.} Qxc6 {KQ-KR} 55. Rd2 Kf6 56. Re2 Kf5 57. h3 Qc5+ 58. Kg2 (58. Rf2+ $142 Ke4 59. g4) 58... Qd5+ 59. Kh2 Qf3 60. Rg2 Ke4 61. c4 Qc3 (61... Qe3 $142 62. g4 Qf4+ 63. Rg3 Qd6 64. c5 Qxc5 65. g5 Qe5 66. Kg2 Qd5 67. Kg1 Qc5+ 68. Kg2 Qa7 69. Rg4+ Ke5 70. Rg3 Qa4 71. Kg1 Qe4 72. Kh2 Qe2+ 73. Rg2 Qf3 74. Rg3 Qd5 75. Rg2 Qe4 76. Rg4 Qf3 77. Rg2 Qf4+ 78. Rg3 Qf2+ 79. Rg2 Qf4+ 80. Rg3 Qf2+ 81. Rg2 Qf4+) 62. c5 (62. Rf2 $19) 62... Kf3 {Black mates.} 63. Ra2 Qxc5 64. Rb2 Qe5 65. Rg2 g5 66. Rg1 Qe2+ 67. Kh1 Qa2 68. g4 Qf2 {Accuracy: White = 36%, Black = 64%.} 0-1

[Event "FAI-ch 2019"]
[Site "Torshavn"]
[Date "2019.04.14"]
[Round "2.3"]
[White "Simonsen, Hans Kristian"]
[Black "Hoi, Carsten"]
[Result "1-0"]
[WhiteElo "2147"]
[BlackElo "2354"]
[Annotator "TA"]
[PlyCount "77"]
[EventDate "2019.04.12"]
[EventType "tourn"]
[EventRounds "7"]
[EventCountry "FAI"]
[SourceTitle "playchess.com"]
[Source "ChessBase"]
[SourceQuality "1"]

{[%evp 9,77,-93,-95,-89,26,20,21,-44,-35,-72,-62,-43,-45,-58,-41,-48,-19,-126,-76,-64,-37,-25,-22,-39,-40,-31,0,0,0,0,0,0,108,-15,0,0,0,-4,0,0,0,0,0,0,4,9,6,0,7,0,29,17,540,503,483,270,1927,1370,1257,1180,1097,1034,29987,29988,29987,29978,29988,29989,29991,29990]} 1. d4 d5 2. Bf4 c5 3. Nc3 Nf6 4. Bxb8 (4. e3 cxd4 5. exd4 a6 6. Bd3 Nc6 7. Nge2 Bg4 8. f3 Bh5 9. h4 Bg6 10. g4 e6 11. h5 Bxd3 12. Qxd3 h6 13. O-O-O {0-1 (50) Jobava,B (2646)-Nisipeanu,L (2657) Spilimbergo 2018}) 4... Rxb8 5. e4 $146 ({Predecessor:} 5. e3 e6 6. Bb5+ Bd7 7. Bxd7+ Qxd7 8. Nge2 a6 9. a4 Bd6 10. O-O O-O 11. e4 cxd4 12. Qxd4 {0-1 (48) Landauer,E (1778)-Wolff,P (2025) Offenbach 2005}) 5... dxe4 6. dxc5 {D00: 1 d4 d5: Unusual lines} Qa5 ({Better is} 6... Bd7 $17 7. Qd4 Bc6) 7. Qd4 $11 {[#] And now b4 would win.} a6 8. b4 (8. Rd1 $11) 8... Qc7 $1 $15 9. Nxe4 Nxe4 10. Qxe4 g6 11. Bd3 b6 12. c6 Bf5 13. Qe3 (13. Qd4 $11 {remains equal.} Rg8 14. Rd1 (14. Bxa6 $2 Bg7 $19 {[%mdl 64] Skewer})) 13... Bg7 14. Bxf5 gxf5 15. Rd1 Qxc6 16. Ne2 O-O 17. O-O Qxc2 18. Ng3 e6 19. Nh5 Qc3 20. Rd3 Qe5 {[#]} (20... Qb2 $11) 21. Qh3 ({White must play} 21. Qxe5 $1 $16 Bxe5 22. f4) 21... f4 22. g3 Qg5 23. Kh1 f3 24. Rxf3 Rbd8 25. Rf4 {Strongly threatening Rg4.} Rd4 26. Nxg7 $40 {[%mdl 128] White mounts an attack.} Qxg7 27. Qh4 Rfd8 28. Rc1 {White wants to play Rc4.} Qe5 $1 29. h3 Qd5+ 30. Kh2 {Black must now prevent Rc8!} e5 $2 {[%mdl 8192]} (30... Rxf4 $1 $11 31. Qxf4 Qd2) 31. Qg5+ $18 Kf8 32. Rf5 (32. Qh6+ $142 Ke8 33. Rf5) 32... Rd2 $2 (32... Qe6 33. Rc7 (33. Rxe5 Qd6 $16) 33... R4d7) 33. Qh6+ Ke8 34. Re1 Kd7 35. Qxb6 Re8 36. Qa7+ {White mates.} Kd6 37. Rxf7 {[%csl Gf7][%cal Ra7d7]} Ke6 38. Rxh7 Qf3 39. Rh6+ {Accuracy: White = 51%, Black = 42%.} 1-0

[Event "FAI-ch 2019"]
[Site "Torshavn"]
[Date "2019.04.14"]
[Round "2.4"]
[White "Samuelsen, Carl Eli Nolsoe"]
[Black "Miezis, Normunds"]
[Result "0-1"]
[WhiteElo "2196"]
[BlackElo "2468"]
[Annotator "TA"]
[PlyCount "76"]
[EventDate "2019.04.12"]
[EventType "tourn"]
[EventRounds "7"]
[EventCountry "FAI"]
[SourceTitle "playchess.com"]
[Source "ChessBase"]
[SourceQuality "1"]

{[%evp 9,76,0,25,18,25,12,20,-2,1,-16,0,0,0,-4,0,-15,-13,-13,-19,-31,-14,-21,-34,-21,-18,-31,1,-72,-52,-55,-56,-45,-29,-37,-33,-35,-17,-67,-68,-79,-83,-66,-59,-138,-137,-125,-131,-134,-93,-93,-93,-93,-111,-147,-152,-195,-194,-203,-206,-351,-327,-1234,-558,-632,-627,-583,-564,-546,-521]} 1. d4 Nf6 2. Nf3 e6 3. e3 b6 4. Bd3 Bb7 5. Nbd2 d6 6. b3 {A47: 1 d4 Nf6 2 Nf3 b6: Torre, London and Colle Systems} (6. O-O Nbd7 7. e4 e5 8. c3 g6 9. b3 Bg7 10. Ba3 exd4 11. cxd4 O-O 12. Rc1 Re8 13. Re1 a6 {0-1 (46) Saptarshi,R (2425)-Rapport,R (2696) Karlsruhe 2017}) 6... Nbd7 7. Bb2 g6 8. c4 {The position is equal.} Bg7 9. Qc2 Qe7 10. O-O O-O 11. Rfe1 $146 ({Predecessor:} 11. Ne4 Nh5 12. Ng3 Nhf6 13. Ne4 Ne8 {0-1 (37) Wong,J (2076)-Megaranto,S (2541) Pattaya 2013}) 11... e5 {[#] Threatens to win with ...e4.} 12. Ne4 Nxe4 13. Bxe4 c6 {Strongly threatening ...f5.} 14. Nd2 f5 15. Bf3 e4 16. Be2 Rae8 17. Bf1 g5 18. g3 (18. a4 $11) 18... Nf6 {[%cal Bd7f6,Bf6g4,Bg4e5][%mdl 32]} 19. Bg2 c5 20. Rad1 Qf7 21. dxc5 dxc5 22. f4 exf3 23. Bxf3 Ng4 24. Bxg7 Qxg7 $40 {[%mdl 128] Black is out for blood.} 25. Qd3 Rd8 (25... Ne5 {seems wilder.} 26. Bd5+ Bxd5 27. Qxd5+ Kh8 28. Nf3 Ng4) 26. Bd5+ (26. Qe2 $15) 26... Bxd5 $17 27. cxd5 Ne5 28. Qe2 Rxd5 29. Nc4 Rdd8 30. Rxd8 Rxd8 31. Rf1 g4 {[#] Hoping for ...Nf3+.} 32. Nxe5 Qxe5 {[%mdl 4096] Endgame KQR-KQR} 33. Qc4+ Kg7 34. Re1 (34. Qe2 {was necessary.}) 34... Rd2 $19 35. e4 $2 (35. a4) 35... f4 (35... Qb2 $142 {( -> ...Rg2+)} 36. Qf1 Qd4+ 37. Kh1 Rf2 38. exf5 Rxf1+ 39. Rxf1 Qb2) 36. gxf4 Qxf4 37. Qc3+ Kg6 38. Qg3 Qxg3+ {Accuracy: White = 42%, Black = 63%.} 0-1

[Event "FAI-ch 2019"]
[Site "Torshavn"]
[Date "2019.04.15"]
[Round "3.1"]
[White "Miezis, Normunds"]
[Black "Ziska, Helgi Dam"]
[Result "1/2-1/2"]
[WhiteElo "2468"]
[BlackElo "2540"]
[Annotator "ChessBase"]
[PlyCount "24"]
[EventDate "2019.04.12"]
[EventType "tourn"]
[EventRounds "7"]
[EventCountry "FAI"]
[SourceTitle "playchess.com"]
[Source "ChessBase"]
[SourceQuality "1"]
[TimeControl "40/5400+30:900+30"]

1. c4 {[%emt 0:00:00]} g6 {[%emt 0:00:00]} 2. Nc3 {[%emt 0:00:08]} Bg7 {[%emt 0:00:00]} 3. g3 {[%emt 0:00:37]} d6 {[%emt 0:00:37]} 4. Bg2 {[%emt 0:00:14]} e5 {[%emt 0:01:03]} 5. d3 {[%emt 0:01:21]} Nc6 {[%emt 0:00:55]} 6. e4 {[%emt 0:00:43]} f5 {[%emt 0:00:52]} 7. Nge2 {[%emt 0:00:49]} Nf6 {[%emt 0:00:10]} 8. O-O {[%emt 0:02:25]} O-O {[%emt 0:01:34]} 9. Nd5 {[%emt 0:02:44]} Nh5 {[%emt 0:02:22]} 10. exf5 {[%emt 0:04:33]} Bxf5 {[%emt 0:00:35]} 11. h3 {[%emt 0:05:36]} Be6 {[%emt 0:01:36]} 12. g4 {[%emt 0:05:50]} Nf6 {[%emt 0:00:14]} 1/2-1/2